In welchem Land finde ich diese Stadt 2 - Statistiken

Allgemein
  • Dieses Quiz wurde 60 mal gespielt
  • Das Durchschnittsergebnis liegt bei 10 aus 15
Antwortstatistiken
Frage Antwort % Korrekt
Wo liegt die Stadt San Diego? USA
91%
Wo liegt die Stadt Adana? Türkei
80%
Wo liegt die Stadt Edmonton? Kanada
78%
Wo liegt die Stadt Ancona? Italien
71%
Wo liegt die Stadt Warna? Bulgarien
69%
Wo liegt die Stadt Porto Alegre? Brasilien
67%
Wo liegt die Stadt Kasan? Russland
65%
Wo liegt die Stadt Örebro? Schweden
65%
Wo liegt die Stadt Daressalam? Tansania
62%
Wo liegt die Stadt Ostrava? Tschechien
60%
Wo liegt die Stadt Timbuktu? Mali
58%
Wo liegt die Stadt Agadir? Marokko
58%
Wo liegt die Stadt Samarkand? Usbekistan
56%
Wo liegt die Stadt Ahmedabad? Indien
42%
Wo liegt die Stadt Klaipeda? Litauen
42%
Keine übereinstimmenden Quizze gefunden
Verteilung der Resultate
Anzahl Personen mit jedem Resultat
Perzentil nach korrekt beantworteten Fragen
Ihre Resultats-Entwicklung
Sie haben dieses Quiz noch nicht gespielt